000 00542nam a2200181Ia 4500
005 20250508150332.0
008 008 250505s9999 xx 000 0 eng d
037 _aTextual
040 _aFEDL
_beng
_cFEDL
041 _aeng
_2eng
084 _a371.93, FRI
_qFEDL
100 _aFriedlander Kate
_9134969
245 0 _aPsycho-analytical approach to juvenile delinquency
260 _aLondon, UK
_bKegan Paul, Trench, Trubner and Co Ltd
_c1947
300 _a296p.
942 _cTEXL
_h371.93, FRI
999 _c1323061
_d1323061